00477nam a22001457a 4500020001800000082001600018100002200034245004900056260004000105300000800145650001600153942000700169952013800176999001700314 a9789388162180 a361.954 SIN aSingh, Ajoy Kumar aSocial Work, Social Justice and Human Rights aNew DelhibInnovative Imprintc2018 a232 aSocial work cBK 001040708NFICaHMIbHMIcGENd2020-09-15eDasgupta Publishers, Kolkatag1499.00l0o361.954 SINp25703r2020-09-17w2020-09-17yBK c23016d23016